000 00660na a2200241 4500
001 16296
003 MIRAKIL
005 20181213154955.0
008 161008b tu 000 0
035 _a16296
040 _aMilas
_btur
_cTR-AnCHP
041 _atur
082 _a320.9561
_bB69d 1991
090 _a320.9561 B69d 1991
100 _aBozdağ, İsmet
245 _aDemirkırat Aldatmacası
_cİsmet Bozdağ
260 _aİstanbul
_bEmre Yayınları
_c1991
300 _a232 s.
_c20 sm.
650 _aTürkiye
_xSiyaset
_yDemokrasi
650 _aDemokrat Parti (DP)
_xTarih
650 _aDemirkırat
_xEleştiriler ve yorumlar
942 _2ddc
_cBKS
999 _c4160
_d4160